000 00485nmm a2200169Ia 4500
008 251105s9999||||xx |||||||||||||||||und||
020 _a9788446042686
041 _aspa
100 _aHarvey, David
245 0 _aGuía de El Capital de Marx: libro segundo
264 _a[Madrid, España] :
_bAkal,
_c2016
300 _a384 páginas
490 _aCuestiones de antagonismo
650 _aPhilosophy, Ethics
856 _uhttps://public.digitaliapublishing.com/a/50886
942 _cCF
999 _c83039
_d83039